000 00508nam a2200181Ia 4500
005 20250326144130.0
008 250326s9999 xx 000 0 und d
037 _aTextbook
040 _aFMSL
_beng
_cFMSL
041 _aeng
_2eng
084 _aX:97 K5
_qFMSL
100 _aMarting E
_9127360
245 0 _aManagement and its people
_cMarting E; Macdonald D
260 _aNY
_bNY, American Management Association
_c1965
300 _a384p
942 _cTB
_hX:97 K5
999 _c1302486
_d1302486